000 008980000a22002650004500
090 _aAR
_b03180
245 1 0 _aEndemic Melastomataceae of the Sierra Nevada de Santa Marta, Colombia
650 1 4 _aVegetación
_992799
650 1 4 _aBotánica
_9361
650 1 4 _aEndemismo
_948559
650 1 4 _aTaxonomía vegetal
_992262
650 1 4 _aMorfología vegetal
_918295
650 1 4 _aDistribución geográfica
_992997
651 4 _lSierra Nevada de Santa Marta
_dMagdalena
_pColombia
_992749
653 _gMiconia
_eMiconia ensueta
653 _gGraffenrieda
_eGraffenrieda santamartensis
653 _gMiconia
_eMiconia oreogena
653 _gMiconia
_eMiconia tricaudata
653 _gKirkbridea
_eKirkbridea tetramera
653 _gKirkbridea
_eKirkbridea pentamera
041 0 _aInglés
100 1 _aWurdack, John J.
_917952
942 _cARTICULO
773 1 _tBrittonia
_3120
_h1
_q138-143
_d1976
_g28
999 _c12235
_d12235